| 000 | 00983nam a22002297a 4500 | ||
|---|---|---|---|
| 003 | OSt | ||
| 005 | 20250329162343.0 | ||
| 008 | 240906b ||||| |||| 00| 0 eng d | ||
| 040 | _c0 | ||
| 082 | _aDPer 621.317 Ie21 December 2022 v.37 n. 12 part 1&2. | ||
| 100 |
_aSon, Gibong. _eauthor. _960397 |
||
| 245 |
_aPcb winding coupled inductor design and common-mode emi noise reduction for sic-based soft-switching three-phase ac-dc converter / _cGibong Son, and Qiang Li. |
||
| 260 |
_aNew York ; _bThe Institute of Electrical and Electronics Engineers, Inc., _cDecember 2022. |
||
| 300 |
_avolume 37, pages 14514-14526, _billustration. |
||
| 500 | _aIEEE Transactions on Power Electronics, v. 37 n. 12, pages 14514-14526, December 2022. | ||
| 650 | 0 |
_aBalance technique. _966080 |
|
| 650 | 0 |
_acommon-mode noise. _966081 |
|
| 650 | 0 |
_athree-phase ac–dc converter. _966082 |
|
| 700 |
_aSon, Gibong. _eauthor. _960397 |
||
| 700 |
_aLi, Qiang. _eauthor. _960398 |
||
| 942 |
_2ddc _cPER |
||
| 999 |
_c21399 _d21399 |
||